Infinite abelian group theory / (Record no. 60005)

MARC details
000 -LEADER
fixed length control field 00942nam a2200325 a 4500
001 - CONTROL NUMBER
control field vtls000055741
003 - CONTROL NUMBER IDENTIFIER
control field NLI
005 - DATE AND TIME OF LATEST TRANSACTION
control field 20210601191022.0
008 - FIXED-LENGTH DATA ELEMENTS--GENERAL INFORMATION
fixed length control field 101125s1970 ilua 001 0 eng
020 ## - INTERNATIONAL STANDARD BOOK NUMBER
International Standard Book Number 0226308707 :
Terms of availability USD 2.50
039 #9 - LEVEL OF BIBLIOGRAPHIC CONTROL AND CODING DETAIL [OBSOLETE]
-- 201011250535
-- VLOAD
040 ## - CATALOGING SOURCE
Original cataloging agency NLI
Language of cataloging eng
Transcribing agency VTLS
Description conventions AACR2
041 0# - LANGUAGE CODE
Language code of text/sound track or separate title eng
044 ## - COUNTRY OF PUBLISHING/PRODUCING ENTITY CODE
MARC country code ilu
082 04 - DEWEY DECIMAL CLASSIFICATION NUMBER
Classification number 512.86
100 1# - MAIN ENTRY--PERSONAL NAME
Personal name Griffith, Phillip A.
9 (RLIN) 142618
245 10 - TITLE STATEMENT
Title Infinite abelian group theory /
Statement of responsibility, etc. [by] Phillip A. Griffith
260 ## - PUBLICATION, DISTRIBUTION, ETC.
Place of publication, distribution, etc. Chicago :
Name of publisher, distributor, etc. University of Chicago Press,
Date of publication, distribution, etc. 1970
300 ## - PHYSICAL DESCRIPTION
Extent 152 p. :
Other physical details ill. ;
Dimensions 20 cm.
440 #0 - SERIES STATEMENT/ADDED ENTRY--TITLE
Title Chicago lectures in mathematics
9 (RLIN) 141201
500 ## - GENERAL NOTE
General note Includes index
504 ## - BIBLIOGRAPHY, ETC. NOTE
Bibliography, etc. note Bibliography: p. 143-150
650 #0 - SUBJECT ADDED ENTRY--TOPICAL TERM
Topical term or geographic name entry element Abelian groups
9 (RLIN) 142619
887 ## - NON-MARC INFORMATION FIELD
Content of non-MARC field
901 ## - LOCAL DATA ELEMENT A, LDA (RLIN)
a 444383
b 21.07.1978
902 ## - LOCAL DATA ELEMENT B, LDB (RLIN)
a E512.86 G875
906 ## - LOCAL DATA ELEMENT F, LDF (RLIN)
a 0006777
949 ## - LOCAL PROCESSING INFORMATION (OCLC)
-- VIRTUAITEM
-- 10000
-- 100
6 PUR000444383ENG
942 ## - ADDED ENTRY ELEMENTS (KOHA)
Source of classification or shelving scheme Dewey Decimal Classification
Koha item type Books
Holdings
Withdrawn status Lost status Damaged status Not for loan Collection code Home library Current library Shelving location Date acquired Total Checkouts Full call number Barcode Date last seen Price effective from Koha item type
        New English National Library of India National Library of India New English - Main Stack Division     E512.86 G875 PUR000444383ENG 01/06/2021 01/06/2021 Books
                                                                           
web counter

Copyright ©2020 The National Library of India, Govt. of India ↔ Hosted by NVLI, MOC ↔ Technology and Design by National Library of India, Ministry of Culture, Govt. of India